000 00787nam a2200289Ia 4500
005 20260324145044.0
008 008 260324s9999 xx 000 0 eng d
020 _a9780429309267
037 _aEBOOK
040 _aCRL
040 _beng
040 _cCRL
041 _2eng
041 _aeng
084 _qCRL
100 _aNorman A Graham; Keith L Edwards
_91221591
245 4 _aThe Caribbean Basin To The Year 2000
245 0 _bDemographic, Economic, And Resource Use Trends In Seventeen Countries: A Compendium Of Statistics And Projections
260 _bTaylor and Francis
260 _c1985
365 _a
365 _b230
856 _uhttp://www.taylorfrancis.com/books/9780429309267
942 _cEBOOK
999 _c1828978
_d1828978